000 01245nam a2200361 i 4500
001 2238
003 KOSZ 005
005 20190723115330.0
008 070704s1973 pl a f |000 0 pol
015 _aPB 1973/10911
035 _a(OCoLC)830839758
040 _aWA N
_cWA N
_dKOSZ 005/HR
046 _k1973
080 _a621.3.049.77
245 0 0 _aTechnika warstwowa w mikroelektronice :
_bpraca zbiorowa /
_c[Arkadiusz Góral et al. ; red. nauk. Barbara Osuchowska].
260 _aWarszawa :
_bWydawnictwa Naukowo-Techniczne,
_c1973.
300 _a350, [2] s. :
_bil. ;
_c23 cm.
336 _2rdacontent
_aTekst
_btxt
337 _2rdamedia
_aBez urządzenia pośredniczącego
_bn
338 _2rdacarrier
_aWolumin
_bnc
380 _aKsiążki
388 _a1901-2000
388 _a1945-1989
504 _aBibliogr.
650 4 _aMikroelektronika
658 _aInżynieria i technika
650 4 _aTechnologia
700 1 _aGóral, Arkadiusz B.
_d(1930- ).
_eAutor
700 1 _aOsuchowska, Barbara.
_eRedakcja
710 2 _aWydawnictwa Naukowo-Techniczne
_4pbl.
856 _uhttp://koha.tu.koszalin.pl/cgi-bin/koha/opac-detail.pl?biblionumber=2238
_yKatalog online BPK
942 _2UKD
_cKS
999 _c2238
_d2238